000 00394nam a22001697a 4500
003 OSt
008 250421b |||||||| |||| 00| 0 eng d
020 _a9789355513601
082 _a005.44 GOL
100 _aGONZALEZ,Alberto
245 _aLinux Server Cookbook
250 _a1st Ed
260 _aNew Delhi
_bBPB
_c2025
300 _a538
650 _aLinux Server Cookbook
942 _2ddc
_cBK
999 _c13372
_d13372